[Event "GER-chT Federal Cup (Women)"]
[Site "Braunfels"]
[Date "2022.06.17"]
[Round "3.26"]
[White "Peglau, Dora"]
[Black "Wagner, Victoria"]
[Result "0-1"]
[WhiteElo "2008"]
[BlackElo "1806"]
[PlyCount "110"]
[EventDate "2022.06.15"]
[EventType "team-swiss"]
[EventRounds "5"]
[EventCountry "GER"]
[SourceTitle "EXT 2023"]
[Source "ChessBase"]
[SourceDate "2022.10.05"]
[SourceVersion "1"]
[SourceVersionDate "2022.10.05"]
[SourceQuality "1"]

1. d4 d5 2. c4 e6 3. Nc3 Nf6 4. Nf3 a6 5. cxd5 exd5 6. Bg5 Be6 7. e3 Nbd7 8. Be2 Bd6 9. 0-0 c6 10. Qc2 Qc7 11. e4 dxe4 12. Nxe4 Nxe4 13. Qxe4 h6 14. Bh4 0-0 15. Bd3 g6 16. Qe3 Bf4 17. Bg3 Bxg3 18. hxg3 Kg7 19. Ne5 Nf6 20. Nxg6 fxg6 21. Qxe6 Qf7 22. Rfe1 Qxe6 23. Rxe6 Rad8 24. Re7+ Rf7 25. Rxf7+ Kxf7 26. Bc4+ Kg7 27. Rd1 c5 28. d5 b5 29. Be2 Rxd5 30. f4 Rxd1+ 31. Bxd1 Nd5 32. Kf1 Ne3+ 33. Ke2 Nxd1 34. Kxd1 h5 35. Kd2 Kf6 36. g4 hxg4 37. g3 Kf5 38. Kd3 g5 39. fxg5 Kxg5 40. Ke4 c4 41. a3 Kf6 42. Kd5 Kf5 43. Kd4 Ke6 44. Kc5 Ke5 45. Kb6 Kd6 46. Kxa6 Kc6 47. Ka5 Kc5 48. Ka6 b4 49. axb4+ Kxb4 50. Kb6 c3 51. bxc3+ Kxc3 52. Kc5 Kd3 53. Kd5 Ke3 54. Ke5 Kf3 55. Kd4 Kxg3 0-1

[Event "BL2 Ost 2122 (Women)"]
[Site "Germany"]
[Date "2022.04.09"]
[Round "6.1"]
[White "Wagner, Victoria"]
[Black "Spangenberg, Pia"]
[Result "1-0"]
[WhiteElo "1841"]
[BlackElo "1802"]
[PlyCount "65"]
[EventDate "2021.11.27"]
[EventType "team-tourn"]
[EventRounds "7"]
[EventCountry "GER"]
[SourceTitle "EXT 2023"]
[Source "ChessBase"]
[SourceDate "2022.10.05"]
[SourceVersion "1"]
[SourceVersionDate "2022.10.05"]
[SourceQuality "1"]
[WhiteTeam "Zeulenroda Rochade (W)"]
[BlackTeam "Leipzig Lindenau (W)"]
[WhiteTeamCountry "GER"]
[BlackTeamCountry "GER"]

1. e4 d5 2. exd5 Nf6 3. d4 Nxd5 4. Nf3 Bg4 5. h3 Bh5 6. c4 Nb6 7. Nc3 Nc6 8. d5 Ne5 9. g4 Nxf3+ 10. Qxf3 Bg6 11. c5 Nd7 12. Bb5 a6 13. Ba4 b5 14. cxb6 cxb6 15. Bc6 Ra7 16. Bf4 e6 17. Qg3 Bb4 18. Bb8 Be4 19. 0-0 Bxc3 20. Bxa7 Ba5 21. Qe3 exd5 22. Bxd5 0-0 23. Bxe4 Nf6 24. Bg2 Re8 25. Qa3 Qc7 26. b4 Bxb4 27. Qxb4 Qxa7 28. Rfe1 a5 29. Rxe8+ Nxe8 30. Re1 Nf6 31. Qe7 Qxe7 32. Rxe7 Kf8 33. Rb7 1-0

[Event "GER-chT Federal Cup (Women)"]
[Site "Braunfels"]
[Date "2021.10.23"]
[Round "4.33"]
[White "Peglau, Dora"]
[Black "Wagner, Victoria"]
[Result "1-0"]
[WhiteElo "1880"]
[BlackElo "1807"]
[PlyCount "69"]
[EventDate "2021.10.19"]
[EventType "team-tourn"]
[EventRounds "5"]
[EventCountry "GER"]
[SourceTitle "CBM 204 Extra"]
[Source "ChessBase"]
[SourceDate "2021.11.30"]
[SourceVersion "1"]
[SourceVersionDate "2021.11.30"]
[SourceQuality "1"]

1. c4 e6 2. d4 d5 3. Nc3 Nf6 4. Bg5 Be7 5. e3 h6 6. Bh4 0-0 7. Nf3 b6 8. Rc1 Bb7 9. cxd5 exd5 10. Be2 Nbd7 11. 0-0 Ne4 12. Bxe7 Qxe7 13. Nd2 Ndf6 14. Ndxe4 Nxe4 15. Qa4 a6 16. Nxe4 dxe4 17. Rc3 b5 18. Qc2 c6 19. Rc5 f5 20. Rc1 Qf6 21. Re5 c5 22. Rxc5 f4 23. Qb3+ Kh8 24. exf4 Qxd4 25. Rc7 Bd5 26. Rd1 Qb6 27. Qc3 Bf7 28. Rc6 Qb8 29. Rxh6+ Kg8 30. Rh4 Be6 31. Qc6 Qc8 32. Qxe4 Bf5 33. Qf3 Rd8 34. Rxd8+ Qxd8 35. Qb3+ 1-0

[Event "Davos Summer op"]
[Site "Davos"]
[Date "2021.08.08"]
[Round "5"]
[White "Wagner, Victoria"]
[Black "Wehrle, Uwe"]
[Result "1-0"]
[WhiteElo "1657"]
[BlackElo "1912"]
[PlyCount "131"]
[EventDate "2021.08.05"]
[EventType "swiss"]
[EventRounds "5"]
[EventCountry "SUI"]
[SourceTitle "EXT 2022"]
[Source "ChessBase"]
[SourceDate "2021.10.06"]
[SourceVersion "1"]
[SourceVersionDate "2021.10.06"]
[SourceQuality "1"]

1. e4 c6 2. d4 d5 3. exd5 cxd5 4. Bd3 Nc6 5. c3 Nf6 6. Bf4 e6 7. Nf3 Bd6 8. Bxd6 Qxd6 9. 0-0 0-0 10. Re1 Qc7 11. Nbd2 Rd8 12. Ne5 Nxe5 13. dxe5 Nd7 14. Nf3 Nf8 15. Nd4 Bd7 16. Re3 Ng6 17. Qh5 Nf8 18. Bxh7+ Nxh7 19. Rh3 Kf8 20. Rd1 Ke7 21. Qxh7 Rg8 22. Qh4+ Kf8 23. Rf3 Qd8 24. Qh5 Qe7 25. Qh7 Qg5 26. Qc2 g6 27. Rg3 Qe7 28. Rdd3 Kg7 29. Rdf3 Rh8 30. Rf6 Rh6 31. Rgf3 Rf8 32. Qd2 Rh5 33. Qe3 a6 34. Ne2 Bc6 35. Ng3 Rh6 36. Qd4 Be8 37. h4 Rfh8 38. h5 Rxh5 39. Nxh5+ Rxh5 40. Qf4 b5 41. Qd4 Qc7 42. Re3 Bd7 43. Rff3 Qd8 44. Rh3 Qg5 45. Rxh5 Qxh5 46. Qf4 Qf5 47. Qh4 g5 48. Rg3 f6 49. exf6+ Kxf6 50. Qh6+ Ke7 51. Qxg5+ Qxg5 52. Rxg5 a5 53. Rg7+ Kd6 54. Rxd7+ Kxd7 55. Kf1 e5 56. Ke2 Ke6 57. Ke3 Kf5 58. f3 Kg5 59. g3 Kf5 60. Kd3 Kg5 61. b3 Kf5 62. c4 dxc4+ 63. bxc4 bxc4+ 64. Kxc4 e4 65. fxe4+ Kxe4 66. Kb5 1-0

[Event "GER-chT U20 Girls"]
[Site "Willingen"]
[Date "2021.06.25"]
[Round "4.5"]
[White "Falke, Ornella"]
[Black "Wagner, Victoria"]
[Result "1-0"]
[WhiteElo "1566"]
[BlackElo "1727"]
[PlyCount "67"]
[EventDate "2021.06.23"]
[EventType "team-swiss"]
[EventRounds "7"]
[EventCountry "GER"]
[SourceTitle "CBM 203 Extra"]
[Source "ChessBase"]
[SourceDate "2021.09.30"]
[SourceVersion "1"]
[SourceVersionDate "2021.09.30"]
[SourceQuality "1"]
[WhiteTeam "Elmshorn"]
[BlackTeam "Erfurt SK"]
[WhiteTeamCountry "GER"]
[BlackTeamCountry "GER"]

1. e4 c5 2. Nf3 d6 3. d4 cxd4 4. Nxd4 Nf6 5. Nc3 a6 6. Bc4 e6 7. a4 Be7 8. 0-0 0-0 9. Be3 Nxe4 10. Nxe4 d5 11. Bd3 dxe4 12. Bxe4 f5 13. Bd3 Qc7 14. f4 Bf6 15. c3 Nc6 16. Nxc6 Qxc6 17. Qb3 Kh8 18. Rad1 Bd7 19. a5 Rac8 20. Be2 e5 21. fxe5 Be6 22. Qb6 Qxb6 23. Bxb6 Bxe5 24. Bf3 Bc4 25. Rfe1 Bc7 26. Rd7 Bxb6+ 27. axb6 Rfe8 28. Ree7 Rxe7 29. Rxe7 Rd8 30. Rxb7 Re8 31. Kf2 g5 32. Rc7 Bd3 33. b7 g4 34. Rc8 1-0

[Event "GER-ch Net Amateur Gr-B Vor2"]
[Site "Playchess.com INT"]
[Date "2020.04.15"]
[Round "4"]
[White "Brunner, Alexander1111"]
[Black "Wagner, Victoria"]
[Result "1-0"]
[WhiteElo "1449"]
[BlackElo "1620"]
[PlyCount "47"]
[EventDate "2020.04.15"]
[EventType "swiss (blitz)"]
[EventRounds "9"]
[EventCountry "GER"]
[SourceTitle "CBM 196 Extra"]
[Source "ChessBase"]
[SourceDate "2020.07.31"]
[SourceVersion "1"]
[SourceVersionDate "2020.07.31"]
[SourceQuality "1"]

1. d4 Nf6 2. Nc3 d5 3. Bf4 e6 4. e3 c5 5. Bd3 Nc6 6. Nf3 cxd4 7. exd4 Bd6 8. Ne5 Nxd4 9. Nb5 Bxe5 10. Bxe5 Nxb5 11. Bxb5+ Bd7 12. Bxd7+ Qxd7 13. Bxf6 gxf6 14. Qf3 Ke7 15. 0-0-0 Rac8 16. c3 Qa4 17. Kb1 Rc6 18. Rhe1 Ra6 19. Qxd5 Kf8 20. Qc5+ Kg7 21. a3 Rc6 22. Qe3 Rhc8 23. Qg3+ Kf8 24. Rd6 1-0

[Event "GER-ch Net Amateur Gr-B Vor2"]
[Site "Playchess.com INT"]
[Date "2020.04.15"]
[Round "9"]
[White "Wagner, Victoria"]
[Black "Thielscher, Rene"]
[Result "1-0"]
[WhiteElo "1620"]
[BlackElo "1505"]
[PlyCount "147"]
[EventDate "2020.04.15"]
[EventType "swiss (blitz)"]
[EventRounds "9"]
[EventCountry "GER"]
[SourceTitle "CBM 196 Extra"]
[Source "ChessBase"]
[SourceDate "2020.07.31"]
[SourceVersion "1"]
[SourceVersionDate "2020.07.31"]
[SourceQuality "1"]

1. e4 Nf6 2. e5 Nd5 3. c4 Nb6 4. d4 d6 5. exd6 exd6 6. Nc3 Be7 7. Nf3 Bg4 8. Be2 0-0 9. 0-0 Re8 10. h3 Bh5 11. Re1 Bf6 12. Be3 Nc6 13. d5 Bxf3 14. Bxf3 Ne5 15. Bxb6 axb6 16. Be2 Nd7 17. Qc2 Bxc3 18. Qxc3 Nc5 19. Bd3 Rxe1+ 20. Rxe1 Qg5 21. a3 Nd7 22. Qc2 g6 23. Re3 Qf6 24. Qe2 Ne5 25. Bb1 Qf4 26. Bd3 Nxd3 27. Qxd3 Qf6 28. Qe2 Rf8 29. Re7 Rc8 30. Rd7 Kg7 31. Kf1 h5 32. Re7 Kf8 33. Re3 Qf5 34. f3 Qb1+ 35. Kf2 Qf5 36. Re4 Qf6 37. Qd2 Kg7 38. Qe2 Kf8 39. Re3 h4 40. Re4 g5 41. Qd2 Re8 42. Rxe8+ Kxe8 43. Qe3+ Kf8 44. Qd2 Kg7 45. Ke2 Qe5+ 46. Qe3 Qxb2+ 47. Qd2 Qe5+ 48. Qe3 Qxe3+ 49. Kxe3 f5 50. f4 Kf6 51. fxg5+ Kxg5 52. Kf3 f4 53. Ke4 c6 54. a4 cxd5+ 55. cxd5 Kf6 56. Kxf4 Kg6 57. Kg4 Kf6 58. Kxh4 Ke5 59. g4 Kxd5 60. g5 Kc4 61. g6 d5 62. g7 d4 63. g8Q+ Kc3 64. Qd8 d3 65. Kg3 d2 66. Qc7+ Kb3 67. Qxb6+ Kxa4 68. Qd4+ Ka3 69. Qxd2 b5 70. h4 b4 71. h5 b3 72. h6 b2 73. Qxb2+ Kxb2 74. h7 1-0

[Event "Stein am Rhein op 11th"]
[Site "Stein am Rhein"]
[Date "2020.02.08"]
[Round "2"]
[White "Wagner, Victoria"]
[Black "Wagner, Andreas1111"]
[Result "1-0"]
[WhiteElo "1742"]
[BlackElo "1390"]
[PlyCount "25"]
[EventDate "2020.02.07"]
[EventType "swiss"]
[EventRounds "5"]
[EventCountry "SUI"]
[SourceTitle "CBM 195 Extra"]
[Source "ChessBase"]
[SourceDate "2020.05.31"]
[SourceVersion "1"]
[SourceVersionDate "2020.05.31"]
[SourceQuality "1"]

1. e4 b6 2. d4 e6 3. Bd3 Bb7 4. c4 d5 5. cxd5 exd5 6. e5 Bb4+ 7. Bd2 a5 8. Nf3 Ne7 9. 0-0 0-0 10. Bxh7+ Kxh7 11. Ng5+ Kg8 12. Qh5 f6 13. Qh7# 1-0

[Event "GER-chT U16"]
[Site "Magdeburg"]
[Date "2019.12.30"]
[Round "7.7"]
[White "Wagner, Victoria"]
[Black "Wang, Xinyuan1111"]
[Result "0-1"]
[WhiteElo "1797"]
[BlackElo "1676"]
[PlyCount "96"]
[EventDate "2019.12.27"]
[EventType "team-swiss"]
[EventRounds "7"]
[EventCountry "GER"]
[SourceTitle "CBM 194 Extra"]
[Source "ChessBase"]
[SourceDate "2020.03.31"]
[SourceVersion "1"]
[SourceVersionDate "2020.03.31"]
[SourceQuality "1"]
[WhiteTeam "Erfurt SK"]
[BlackTeam "Karlsruhe SF"]
[WhiteTeamCountry "GER"]
[BlackTeamCountry "GER"]

1. e4 c5 2. Nf3 e6 3. d4 cxd4 4. Nxd4 a6 5. Bd3 Bc5 6. Nb3 Be7 7. 0-0 d6 8. Qe2 Nd7 9. c4 Ngf6 10. f4 Qc7 11. Nd4 0-0 12. Nc3 Re8 13. Nf3 Nc5 14. Bb1 e5 15. f5 b5 16. Nd5 Qa7 17. Nxf6+ Bxf6 18. Be3 Qe7 19. g4 h6 20. Bc2 Bb7 21. Bf2 bxc4 22. Bxc5 dxc5 23. Qxc4 Bc6 24. Ba4 Bxa4 25. Qxa4 Reb8 26. Qc2 Rb5 27. b3 Bg5 28. Rfe1 Bf4 29. Rad1 Rb4 30. Kh1 Rc8 31. a3 Rb5 32. Qc4 Rcb8 33. Rd5 Qb7 34. Rb1 a5 35. Rbd1 Qe7 36. Rd7 Qf8 37. R7d3 Kh8 38. Kg2 Qe8 39. h3 Kh7 40. Ra1 Ra8 41. Rad1 a4 42. Kh1 axb3 43. Rxb3 Rxb3 44. Qxb3 Qa4 45. Qd5 Qxa3 46. Rd3 Qc1+ 47. Rd1 Qe3 48. Qd3 Ra3 0-1

[Event "Vlissingen HZ op 23rd"]
[Site "Vlissingen"]
[Date "2019.08.09"]
[Round "8"]
[White "Van der Borgt, Peter"]
[Black "Wagner, Victoria"]
[Result "1/2-1/2"]
[WhiteElo "1938"]
[BlackElo "1799"]
[PlyCount "75"]
[EventDate "2019.08.03"]
[EventType "swiss"]
[EventRounds "9"]
[EventCountry "NED"]
[SourceTitle "CBM 191 Extra"]
[Source "ChessBase"]
[SourceDate "2019.09.30"]
[SourceVersion "1"]
[SourceVersionDate "2019.09.30"]
[SourceQuality "1"]

1. e4 c5 2. c3 d6 3. Nf3 Nf6 4. Bc4 e6 5. Qe2 Bd7 6. 0-0 Be7 7. d4 d5 8. exd5 exd5 9. Bd3 c4 10. Bc2 0-0 11. Ne5 Nc6 12. h3 Re8 13. Qf3 Nxe5 14. dxe5 Ne4 15. Bxe4 dxe4 16. Qxe4 Qc8 17. Be3 b5 18. Bd4 Bd6 19. Qf4 Bc7 20. Nd2 f6 21. Rfe1 Qb8 22. Nf3 Bc6 23. Rad1 Qb7 24. Re3 Rad8 25. Rde1 Qb8 26. Qf5 Bxf3 27. gxf3 fxe5 28. Bxe5 Bxe5 29. Rxe5 Rf8 30. Qe4 a6 31. Re7 Qf4 32. Qxf4 Rxf4 33. Re8+ Rxe8 34. Rxe8+ Kf7 35. Re3 Rf6 36. Kg2 Rd6 37. Re2 Rg6+ 38. Kh2 1/2-1/2

[Event "GER-ch U16 Girls"]
[Site "Willingen"]
[Date "2019.06.12"]
[Round "5"]
[White "Wagner, Victoria"]
[Black "Glinzner, Alva"]
[Result "0-1"]
[WhiteElo "1808"]
[BlackElo "1810"]
[PlyCount "86"]
[EventDate "2019.06.08"]
[EventType "swiss"]
[EventRounds "9"]
[EventCountry "GER"]
[SourceTitle "CBM 191 Extra"]
[Source "ChessBase"]
[SourceDate "2019.09.30"]
[SourceVersion "1"]
[SourceVersionDate "2019.09.30"]
[SourceQuality "1"]

1. e4 c5 2. Nf3 e6 3. d4 cxd4 4. Nxd4 a6 5. Bd3 Qc7 6. Qe2 d6 7. 0-0 Nf6 8. c4 Nbd7 9. b3 b6 10. Bb2 Bb7 11. Nd2 Nc5 12. Bc2 e5 13. Nf5 Ne6 14. Ne3 Be7 15. Nd5 Nxd5 16. exd5 Nf4 17. Qd1 0-0 18. g3 Ng6 19. h4 f5 20. h5 Nh8 21. f4 e4 22. Rc1 Bf6 23. Bxf6 Rxf6 24. Kg2 Re8 25. Qe2 g6 26. hxg6 Rxg6 27. Rh1 Qg7 28. Qe3 Qc7 29. Rh5 Bc8 30. Rch1 Rg7 31. Kf2 Ng6 32. Nf3 Ree7 33. Ng5 b5 34. Rc1 Qa5 35. Bb1 bxc4 36. bxc4 Rb7 37. Qe2 Qa3 38. Rhh1 h6 39. Ne6 Bxe6 40. dxe6 Nxf4 41. gxf4 Qg3+ 42. Kf1 Qxf4+ 43. Ke1 Qxc1+ 0-1

[Event "BL2 Ost 1819 (Women)"]
[Site "Germany"]
[Date "2019.01.12"]
[Round "6.5"]
[White "Just, Anita"]
[Black "Wagner, Victoria"]
[Result "1/2-1/2"]
[WhiteElo "1872"]
[BlackElo "1761"]
[PlyCount "72"]
[EventDate "2018.10.27"]
[EventType "team-tourn"]
[EventRounds "7"]
[EventCountry "GER"]
[SourceTitle "CBM 190 Extra"]
[Source "ChessBase"]
[SourceDate "2019.07.15"]
[SourceVersion "1"]
[SourceVersionDate "2019.07.15"]
[SourceQuality "1"]
[WhiteTeam "Leipzig Blauweiss Allianz (W)"]
[BlackTeam "Zeulenroda Rochade (W)"]
[WhiteTeamCountry "GER"]
[BlackTeamCountry "GER"]

1. e4 c5 2. Nf3 d6 3. d4 cxd4 4. Nxd4 Nf6 5. Nc3 a6 6. Be2 e5 7. Nb3 Be7 8. 0-0 b5 9. f4 Bb7 10. Bf3 0-0 11. Kh1 b4 12. Nd5 Nxd5 13. exd5 Nd7 14. g4 Rb8 15. Bg2 Ba8 16. Be3 Nb6 17. Qd3 a5 18. Rae1 exf4 19. Bxf4 Bg5 20. Bxg5 Qxg5 21. Rf5 Qd8 22. Rh5 h6 23. g5 Re8 24. Rxe8+ Qxe8 25. gxh6 Qe1+ 26. Qf1 Qxf1+ 27. Bxf1 Bxd5+ 28. Bg2 Bxg2+ 29. Kxg2 gxh6 30. Rxh6 Nc4 31. Nd4 Nxb2 32. Rxd6 Rc8 33. Kf3 Nc4 34. Ra6 Na3 35. Rxa5 Nxc2 36. Nxc2 Rxc2 1/2-1/2

[Event "GER-chT U14"]
[Site "Magdeburg"]
[Date "2018.12.29"]
[Round "6.2"]
[White "Wagner, Victoria"]
[Black "Mueller, Magnus"]
[Result "0-1"]
[WhiteElo "1777"]
[BlackElo "1830"]
[PlyCount "84"]
[EventDate "2018.12.27"]
[EventType "team-swiss"]
[EventRounds "7"]
[EventCountry "GER"]
[SourceTitle "CBM 188 Extra"]
[Source "ChessBase"]
[SourceDate "2019.02.26"]
[SourceVersion "1"]
[SourceVersionDate "2019.02.26"]
[SourceQuality "1"]
[WhiteTeam "Erfurt SK"]
[BlackTeam "Gera"]
[WhiteTeamCountry "GER"]
[BlackTeamCountry "GER"]

1. e4 e5 2. Nf3 Nc6 3. Bc4 Bc5 4. c3 Nf6 5. d3 d6 6. 0-0 0-0 7. a4 a5 8. h3 h6 9. Re1 Re8 10. Nbd2 Be6 11. Nf1 d5 12. Bb3 Qd7 13. Ng3 Rad8 14. Qc2 g5 15. exd5 Bxd5 16. Bxd5 Qxd5 17. Be3 Bf8 18. Ne4 Bg7 19. Nxf6+ Bxf6 20. Rad1 Kg7 21. Qc1 Rd6 22. h4 Bd8 23. c4 Qe6 24. Bc5 Rd7 25. d4 Qg4 26. d5 gxh4 27. Nh2 Qg6 28. dxc6 h3 29. g3 Qxc6 30. f3 Qxc5+ 31. Kf1 Bg5 32. Qc2 Red8 33. Rxd7 Rxd7 34. Rd1 Rxd1+ 35. Qxd1 Qxc4+ 36. Qe2 Qxa4 37. Ng4 Qd4 38. Qxe5+ Qxe5 39. Nxe5 Bf6 40. Nd3 a4 41. Kg1 b5 42. Kh2 c5 0-1